LEADER 01049nam0-2200337---450- 001 990005789740403321 005 20100107115732.0 035 $a000578974 035 $aFED01000578974 035 $a(Aleph)000578974FED01 035 $a000578974 100 $a19990604e19691792km-y0itay50------ba 101 0 $ager 102 $aBE 105 $ay-------001yy 200 1 $aKritische Theorie der Offenbarung$enebst Berichtigung der Schrift : Christus und die Vernunft$f[J. G. E. Maass] 210 $aBruxelles$cCulture et Civilisation$d1969 215 $aVIII, 340 p.$d19 cm 225 1 $aAetas Kantiana$v165 324 $aRipr. facs. dell'ed.: Halle : Michaelis und Bispink, 1792 610 0 $aRagione 610 0 $aRivelazione 676 $a121.3 700 1$aMaass,$bJohann Gebhard Ehrenreich$f<1766-1823>$0220503 801 0$aIT$bUNINA$gRICA$2UNIMARC 901 $aBK 912 $a990005789740403321 952 $aP.1 FG 1772$bBIBL. 2539$fFLFBC 959 $aFLFBC 996 $aKritische Theorie der Offenbarung$9569053 997 $aUNINA LEADER 01488nas 2200481- 450 001 9910503151803321 005 20230427213018.0 035 $a(CKB)5300000000020545 035 $a(CONSER)--2020271160 035 $a(OCoLC)1764836 035 $a(EXLCZ)995300000000020545 100 $a20201014b18971906 k-- a 101 0 $aeng 135 $aur||||||||||| 181 $ctxt$2rdacontent 182 $cc$2rdamedia 183 $acr$2rdacarrier 200 10$aBackbone 210 1$aSt. Paul, Minn. ;$aMinneapolis, Minn. :$cProhibition State Central Committee,$d1897-1906. 215 $a1 online resource 311 $a2694-3549 606 $aProhibition$vNewspapers 606 $aProhibition$zMinnesota$vNewspapers 606 $aProhibition$2fast$3(OCoLC)fst01078761 607 $aSaint Paul (Minn.)$vNewspapers 607 $aMinneapolis (Minn.)$vNewspapers 607 $aRamsey County (Minn.)$vNewspapers 607 $aHennepin County (Minn.)$vNewspapers 607 $aMinnesota$2fast 607 $aMinnesota$zHennepin County$2fast 607 $aMinnesota$zMinneapolis$2fast 607 $aMinnesota$zRamsey County$2fast 607 $aMinnesota$zSaint Paul$2fast 608 $aNewspapers.$2fast 615 0$aProhibition 615 0$aProhibition 615 7$aProhibition. 676 $a071.3 712 02$aProhibition Party (Minn.).$bState Committee. 906 $aJOURNAL 912 $a9910503151803321 996 $aBackbone$91905671 997 $aUNINA